000
00270nam a22001097a 4500
008
240708b |||||||| |||| 00| 0 eng d
100
_a
Phalelkar, Kaka
_9
16665
245
_a
Bhartiya Kavya Siddhant
260
_a
Delhi:
_b
Lokbharti;
_c
1969.
300
_a
326p.
942
_c
BK
999
_c
40461
_d
40461